000 00630nam a22002417a 4500
003 UA-OsUOA
001 47860
007 ta
008 20070822b un ||||| |||| 00| 0 ukr d
100 _aПівторадні В.І.
090 _a82.09
_bП36
942 _cBK
040 _aUA-OsUOA
_bukr
_cUA-OsUOA
_dUA-OsUOA
245 _aАрхип Тесленко
300 _a175 с.
955 _a1
041 _aukr
080 _a82.09
260 _aК.
_bДніпро
_c1982
246 3 1 _aЖиття і творчість
_n
650 7 _a82 Література. Літературознавство
_2UDC
999 _c333960
_d333960